عبد العز يز ا ليمينی سير ت و مسير ت ا لعلميہۃ (Record no. 175937)

MARC details
000 -LEADER
fixed length control field 00722nam a22001937a 4500
005 - DATE AND TIME OF LATEST TRANSACTION
control field 20201013161746.0
010 ## - LCCN (DPL NO)
LC control number UR-10888
020 ## - INTERNATIONAL STANDARD BOOK NUMBER
Terms of availability 400.00
International Standard Book Number 9789389733501
035 ## - SYSTEM CONTROL NUMBER
System control number U-9443
037 ## - SOURCE OF ACQUISITION
Source of stock number/acquisition DBAD/PUB
082 ## - DEWEY DECIMAL CLASSIFICATION NUMBER
Classification number 920.8
100 ## - MAIN ENTRY--PERSONAL NAME
Personal name فيضا ن ا حمد
245 ## - TITLE STATEMENT
Title عبد العز يز ا ليمينی سير ت و مسير ت ا لعلميہۃ
Statement of responsibility, etc فيضا ن ا حمد
246 ## - VARYING FORM OF TITLE
Remainder of title Life And Works of Abdul Aziz Al-Memoni (Urdu)
Title proper/short title by Faizan Ahmed
260 ## - PUBLICATION, DISTRIBUTION, ETC. (IMPRINT)
Place of publication, distribution, etc N.Delhi
Name of publisher, distributor, etc Educational Publishing House
Date of publication, distribution, etc 2019 ء
270 ## - ADDRESS
Address H.O.D1/16,Ansari Road,Darya ganj,
City N.Delhi
Postal code 110002
Telephone number 45678285,23216162
Fax number 0091-11-23211540
300 ## - PHYSICAL DESCRIPTION
Extent 329 ص
Dimensions 22 Cm(Hb)
942 ## - ADDED ENTRY ELEMENTS (KOHA)
Source of classification or shelving scheme Dewey Decimal Classification
Item type Urdu Bks
Classification part 920
Call number suffix ف ے ض
Holdings
Withdrawn status Lost status Not for loan Collection code Home library Current library Date acquired Source of acquisition Cost, normal purchase price Full call number Barcode Copy number Cost, replacement price Koha item type
      Non-fiction D.B.Act.Division D.B.Act.Division 13/10/2020 DBAD/PUB 400.00 920 ف ے ض U-9443 1 400.00 Urdu Bks

© Delhi Public Library
Hit Counter
free hit counter